Premières phrases d'oeuvres - Statistiques

Statistiques générales
  • Ce quiz a été pris 29 fois
  • Le résultat moyen est 4 sur 15
Statistiques - réponses
Oeuvres Première ligne % Correct
Aujourd'hui, maman est morte. L'Etranger
96%
En 1815, M. Charles-François-Bienvenu Myriel était évêque de Digne. Les Misérables
52%
La magnificence et la galanterie n'ont jamais paru en France avec tant d'éclat que dans les dernières années du règne de Henri second. La Princesse de Clèves
40%
La femme naît libre et demeure égale à l'homme en droits. Déclaration des Droits de la Femme et de la Citoyenne
36%
C'est Catherine. Elle est Catherine. Catherine, c'est Louis. Voilà Louis. Catherine. Juste la Fin du Monde
28%
C'est l'Homme au mille tours, Muse, qu'il faut me dire, Celui qui erra quand, de Troade, il eut pillé la ville sainte, Celui qui visita les cités de tant d'hommes et connut leur esprit, Celui qui, sur les mers, passa par tant d'angoisses, en luttant pour survivre et ramener ses gens. Odyssée
28%
La raison humaine a cette destinée singulière, dans un genre de ses connaissances, d'être accablée de questions qu'elle ne saurait éviter, car elles lui sont imposées par sa nature même, mais auxquelles elle ne peut répondre, parce qu'elles dépassent totalement le pouvoir de la raison humaine. La Critique de la Raison Pure
20%
Un jour, j'étais âgée déjà, dans le hall d'un lieu public, un homme est venu vers moi. L'Amant
20%
Le bon sens est la chose du monde la mieux partagée : car chacun pense en être si bien pourvu que ceux même qui sont les plus difficiles à contenter en toute autre chose n'ont point coutume d'en désirer plus qu'ils en ont. Discours de la Méthode
16%
Je forme une entreprise qui n'eut jamais d'exemple et dont l'execution n'aura point d'imitateur. Les Confessions
16%
Le dessein en est pris : je pars, cher Théramène, et quitte le séjour de l'aimable Trézène. Phèdre
16%
Je veux chercher si, dans l'ordre civil, il peut y avoir quelque règle d'administration légitime et sûre, en prenant les hommes tels qu'ils sont, et les lois telles qu'elles peuvent être. Du Contrat Social
12%
Pendant que la guerre civile déchirait la France sous le règne de Charles IX, l'amour ne laissait pas de trouver sa place parmi tant de désordres et d'en causer beaucoup dans son empire. La Princesse de Montpensier
8%
Trois et deux font cinq, et cinq font dix, et dix font vingt. Le Malade Imaginaire
4%
Doucement bercé sur sa mule fringante, messer Blazius s'avance dans les bluets fleuris, vêtu de neuf, l'écritoir au côté. On Ne Badine pas Avec l'Amour
0%
Aucun quiz correspondant
Distribution des résultats
% des personnes avec chaque résultat
Percentile par nombre de réponses
Votre historique - résultats
Vous n’avez pas pris ce quiz